000 00823nam a2200205 a 4500
001 BRCA_1875
005 20190320203601.0
008 090608s1962----mx-#---###---#000-0#spa-#
050 4 _aAM5
_b.M97 1962
245 1 0 _aEl museo como centro cultural de la comunidad.
260 _aMéxico
_bUNESCO
_c1962
300 _a53 p.
_c28 cm.
500 _aInforme del Director del V Seminario Regional de la UNESCO, realizado en la Ciudad de México, 17 septiembre - 14 octubre, 1962
501 _aEncuadernado con : La función de los museos en la educación
546 _aTexto en : español e inglés
600 1 4 _aBorhegyi, Stephan F. de
_xDiscursos, ensayos y conferencias
_95801
650 1 4 _aMuseos
_xRelación con el público
_zAmérica Latina
_95802
740 0 _aLa función de los museos en la educación
942 _2lcc
_cB
999 _c1652
_d1652